| 000 | 00385nam a2200133Ia 4500 | ||
|---|---|---|---|
| 008 | 210210b1973 xxu||||| |||| 00| 0 eng d | ||
| 082 | _a300.72 DENR | ||
| 100 | _aDENZIN (Norman K). | ||
| 245 | _aResearch act: a theoretical introduction to sociological methods. | ||
| 260 |
_aChicago. _bAldine Publishing Co., _c1973 |
||
| 300 | _axi,368 | ||
| 690 | _aSocial Research | ||
| 906 | _a040785 | ||
| 999 |
_c90838 _d90838 |
||